00719nam a2200217 4500003000400000005001700004008004100021017004900062020001800111040002700129100002100156245009700177250001200274260002800286300002300314490002600337504004000363610004300403651003400446700002100480OSt20140707175905.0140707s2014 sp a | |||| 001 0 spa d aM 2026-2014bOficina Depósito Legal Madrid a9788437632568 aSpMaBNbcatcCDMRerdc1 aBalsebre, Armand14aLas cartas de la Pirenaica b: memoria del antifranquismocArmand Balsebre y Rosario Fontova a1ª ed. aMadridbCátedrac2014 a590 p.bil.c24 cm0 aHistoria. Serie mayor aBibliografía: p. 555-560. Índex27aRadio España IndependientevHistoria 7aEspañaxHistoriay1939-19751 aFontova, Rosario